|
|
|
|
| LEADER |
00000nab a2200000 a 4500 |
| 001 |
vtls000700606 |
| 003 |
SK-MaSNL |
| 005 |
20260305004507.0 |
| 008 |
250429c1999 xo 0 slo |
| 015 |
|
|
|a SNBRB1999/09-21502
|
| 035 |
|
|
|a CLN000052773
|
| 035 |
|
|
|a urn:nbn:sk:snk-ab7b96
|
| 035 |
|
|
|a (uuid)27329b2a-eceb-4a27-b2ae-b979fd8affa8
|
| 035 |
|
|
|a (urnnbn)urn:nbn:sk:snk:ar-a07f2i
|
| 035 |
|
|
|a (sysno)vtls000700606
|
| 040 |
|
|
|a SNKBUCL
|b slo
|c SNKBUCL
|e AACR2
|
| 041 |
0 |
|
|a slo
|
| 044 |
|
|
|a xo
|c SK
|
| 080 |
|
|
|a 327.39(4-191.2)
|2 1997
|
| 080 |
|
|
|a 339.922(4)
|2 1997
|
| 100 |
1 |
|
|a Rusnák, Urban,
|d 1967-
|4 aut
|9 210193
|
| 245 |
1 |
0 |
|a Renesancia Visegrádskeho zoskupenia - za myslenie sa nad jej motívmi a cieľmi
|c Urban Rusnák
|
| 610 |
2 |
7 |
|a Vyšehradská skupina
|2 snkbucl
|9 183397
|
| 650 |
0 |
7 |
|a regionalizácia
|2 snkbucl
|9 446956
|
| 650 |
0 |
7 |
|a medzinárodné vzťahy
|2 SNKPH
|9 3690
|
| 651 |
|
7 |
|a Európa stredná
|x dejiny
|2 SNKPHgeo
|9 23759
|
| 655 |
|
7 |
|a články z novín a časopisov
|2 snkbucl
|9 267496
|
| 773 |
0 |
|
|t Medzinárodné otázky
|g Roč. 8, č. 2 (1999), s. 66-71
|x 1210-1583
|
| 850 |
|
|
|a Slovenská národná knižnica
|
| 852 |
|
|
|a Slovenská národná knižnica
|
| 954 |
|
|
|a odborná, vedecká literatúra pôvodná (slovenská)
|2 lita
|
| 958 |
|
|
|a article2022
|
| 958 |
|
|
|a OND
|
| 958 |
|
|
|a SK
|
| 958 |
|
|
|a EUIPO
|
| 999 |
|
|
|c 3235921
|d 3237851
|